| 000 | 005310000a22001930004500 | ||
|---|---|---|---|
| 003 | LK-CoMWRAF | ||
| 005 | 20240319151731.0 | ||
| 008 | 230817t1996 ||||| |||| 00| 0 eng d | ||
| 040 |
_aLK-CoMWRAF _dLK-CoMWRAF _eLK-CoMWRAF |
||
| 041 | _aeng | ||
| 082 |
_a363.96 _bMUM |
||
| 100 | _aMumtaz, Khawar | ||
| 245 |
_aWoman to Woman: _btransfer of health and reproductive knowledge |
||
| 260 |
_aLahore: _bShirkat Gah, _c1996 |
||
| 300 | _aiii., 25 p. ill. | ||
| 650 | _aWOMEN-Reproductive health | ||
| 700 | _aRauf, Fauzia | ||
| 942 | _cBK | ||
| 999 |
_c82 _d82 |
||